000 00611cam a22002053a 4500
001 37430
003 PGUSA
005 20140828083824.0
008 110915s2011||||xxu|||||s|||||000 | eng d
040 _aPGUSA
_beng
042 _adc
100 1 _aConnell, Richard,
_d1893-1949
245 1 4 _aThe Sin of Monsieur Pettipon ;
_band, other humorous tales
_h[electronic resource] /
_cRichard Connell
260 _bProject Gutenberg,
_c2011
506 _aPublic domain in the USA.
516 _aElectronic text
830 0 _aProject Gutenberg
_v37430
856 4 0 _uhttp://www.gutenberg.org/ebooks/37430
942 _cEB
999 _c266684
_d266684